[Event "Qatar Masters Open 2014"]
[Site "Doha QAT"]
[Date "2014.11.28"]
[Round "3.69"]
[White "Karthikeyan, Murali"]
[Black "Gara, Ticia"]
[Result "0-1"]
[WhiteElo "2497"]
[BlackElo "2326"]
[PlyCount "80"]
[EventDate "2014.11.26"]
[EventType "swiss"]
[EventRounds "9"]
[EventCountry "QAT"]
[Source "lmi"]
[SourceDate "2014.11.26"]

1. e4 c5 2. Nf3 d6 3. d4 cxd4 4. Nxd4 Nf6 5. Nc3 Nc6 6. Bc4 Bd7 7. Bg5 Qa5 8.
Bxf6 gxf6 9. O-O Rg8 10. Nd5 Bg4 11. Qd3 Nxd4 12. Qxd4 Bh3 13. g3 Bxf1 14. Rxf1
Bg7 15. Qd3 e6 16. b4 Qd8 17. Ne3 Bh6 18. f4 Qb6 19. Kh1 Qxb4 20. c3 Qc5 21.
Rb1 O-O-O 22. Rb4 Kb8 23. a4 Rd7 24. Rb5 Qa3 25. a5 Qc1+ 26. Nf1 Rc8 27. Rb1
Qa3 28. a6 b6 29. Ne3 Bf8 30. f5 Rdc7 31. fxe6 Rxc4 32. Nxc4 Qxa6 33. e7 Bxe7
34. Ne5 Qxd3 35. Nxd3 Rxc3 36. Nb4 Rc4 37. Nd5 Rxe4 38. Kg2 Kb7 39. Kf3 Re5 40.
Rd1 a5 0-1

[Event "Qatar Masters Open 2014"]
[Site "Doha QAT"]
[Date "2014.11.28"]
[Round "3.70"]
[White "Carlsson, Pontus"]
[Black "Zhai, Mo"]
[Result "1-0"]
[WhiteElo "2492"]
[BlackElo "2325"]
[PlyCount "81"]
[EventDate "2014.11.26"]
[EventType "swiss"]
[EventRounds "9"]
[EventCountry "QAT"]
[Source "lmi"]
[SourceDate "2014.11.26"]

1. e4 c5 2. Nf3 d6 3. Bb5+ Nc6 4. d4 cxd4 5. Qxd4 Nf6 6. e5 dxe5 7. Bxc6+ bxc6
8. Qxd8+ Kxd8 9. Nxe5 Ke8 10. O-O Bb7 11. Nd2 e6 12. Ndc4 c5 13. Rd1 Bd5 14. b3
Be7 15. Bb2 Rd8 16. Na5 Rc8 17. c4 Ba8 18. f3 Nh5 19. Rd2 f6 20. Nd3 g5 21. a3
Kf7 22. b4 cxb4 23. axb4 Rhd8 24. c5 Nf4 25. Rad1 Nd5 26. Ba3 g4 27. Kf2 gxf3
28. gxf3 Nc3 29. Rc1 Nb5 30. Bb2 Rd5 31. Rc4 Rcd8 32. Ke3 Bf8 33. Rh4 h5 34.
Nc4 Bh6+ 35. f4 Ke7 36. Ke2 Nd4+ 37. Bxd4 Rxd4 38. Nd6 Rg8 39. Rxh5 Rg6 40. Ke3
Rd5 41. Rh3 1-0

[Event "Qatar Masters Open 2014"]
[Site "Doha QAT"]
[Date "2014.11.28"]
[Round "3.71"]
[White "Zhu, Chen"]
[Black "Dimitrijevic, Aleksandra"]
[Result "1/2-1/2"]
[WhiteElo "2447"]
[BlackElo "2323"]
[PlyCount "93"]
[EventDate "2014.11.26"]
[EventType "swiss"]
[EventRounds "9"]
[EventCountry "QAT"]
[Source "lmi"]
[SourceDate "2014.11.26"]

1. d4 d6 2. c4 Nf6 3. Nc3 Bf5 4. Qb3 Qc8 5. Bg5 Nbd7 6. Nf3 h6 7. Bh4 e6 8. e3
Be7 9. Be2 a6 10. a4 b6 11. h3 Rb8 12. Qd1 g5 13. Bg3 Qb7 14. Nd2 e5 15. O-O h5
16. d5 c6 17. e4 Bg6 18. b4 Rc8 19. Qb3 cxd5 20. cxd5 h4 21. Bh2 g4 22. hxg4 h3
23. Rfc1 Kf8 24. Bf3 Nh7 25. Ne2 Bg5 26. Rxc8+ Qxc8 27. Nc4 Ke7 28. gxh3 Nhf6
29. Bg2 Nxe4 30. Re1 Nd2 31. Nxd2 Bxd2 32. Rf1 Bc2 33. Qb2 Qc4 34. Ng3 Bf4 35.
a5 bxa5 36. bxa5 Rb8 37. Qa1 Nf6 38. Nh5 Nxh5 39. gxh5 Rg8 40. Bxf4 Qxf4 41.
Qc3 Be4 42. Qc7+ Kf6 43. Qxd6+ Kf5 44. Qd7+ Kf6 45. Qc6+ Kf5 46. Qd7+ Kf6 47.
Qd6+ 1/2-1/2

[Event "Qatar Masters Open 2014"]
[Site "Doha QAT"]
[Date "2014.11.28"]
[Round "3.72"]
[White "Pourkashiyan, Atousa"]
[Black "Das, Sayantan"]
[Result "1-0"]
[WhiteElo "2312"]
[BlackElo "2444"]
[PlyCount "163"]
[EventDate "2014.11.26"]
[EventType "swiss"]
[EventRounds "9"]
[EventCountry "QAT"]
[Source "lmi"]
[SourceDate "2014.11.26"]

1. e4 e5 2. Nf3 Nc6 3. Bb5 a6 4. Ba4 d6 5. c4 Bd7 6. Nc3 g6 7. d4 exd4 8. Nd5
Bg7 9. Bg5 f6 10. Bh4 Nh6 11. Nxd4 g5 12. Bg3 Nxd4 13. Bxd7+ Qxd7 14. Qxd4 f5
15. Qf6 f4 16. Qxg5 fxg3 17. hxg3 Ng4 18. Qh5+ Kf8 19. Rh4 Ne5 20. Rf4+ Nf7 21.
O-O-O Re8 22. Rd3 Re5 23. Qh4 h5 24. Kb1 Bh6 25. Rxf7+ Qxf7 26. Rf3 Rh7 27.
Nxc7 Bg5 28. Rxf7+ Rxf7 29. Ne6+ Rxe6 30. Qxg5 Rxf2 31. Qxh5 Kg7 32. Qd5 Re7
33. a3 Rf6 34. Kc2 Rfe6 35. Kd3 Rg6 36. Kd4 Rg4 37. a4 Rg6 38. a5 Rf6 39. Qg5+
Kf7 40. Qh5+ Kg7 41. Qd5 Rf1 42. Kc3 Re1 43. Qg5+ Kf7 44. Qh5+ Kg7 45. Qg4+ Kf7
46. Kd3 Rf1 47. Qe2 Ra1 48. Qh5+ Kg7 49. Qg4+ Kf7 50. b4 Rb1 51. Qh5+ Kg7 52.
Qg5+ Kf8 53. Kc3 Re1 54. Qf6+ Ke8 55. Qxd6 Re3+ 56. Kb2 R3xe4 57. Kb3 Re3+ 58.
Ka4 R3e4 59. Qd5 Re2 60. b5 axb5+ 61. Qxb5+ Kd8 62. Qd5+ Kc7 63. g4 R2e5 64.
Qd4 R7e6 65. Kb4 Re4 66. Qg7+ Re7 67. Qf8 R7e5 68. Qf7+ Kb8 69. Qf8+ Ka7 70.
Qd6 Re6 71. Qc5+ Ka8 72. Qd5 R4e5 73. Qd8+ Ka7 74. g5 Re4 75. Qd3 Rg4 76. Qf5
Ree4 77. Qc5+ Ka8 78. a6 bxa6 79. g6 Kb7 80. Qd5+ Kb6 81. g7 Re8 82. Qd6+ 1-0

[Event "Qatar Masters Open 2014"]
[Site "Doha QAT"]
[Date "2014.11.28"]
[Round "3.73"]
[White "Salih, Akar Ali Salih"]
[Black "Kanter, Eduard"]
[Result "1-0"]
[WhiteElo "2284"]
[BlackElo "2394"]
[PlyCount "81"]
[EventDate "2014.11.26"]
[EventType "swiss"]
[EventRounds "9"]
[EventCountry "QAT"]
[Source "lmi"]
[SourceDate "2014.11.26"]

1. e4 c5 2. Nf3 d6 3. d4 cxd4 4. Nxd4 Nf6 5. Nc3 a6 6. Be3 e5 7. Nb3 Be7 8. f3
Be6 9. Qd2 Nbd7 10. O-O-O O-O 11. g4 b5 12. Nd5 Bxd5 13. exd5 Nb6 14. Na5 Nfxd5
15. Nc6 Qc7 16. Nxe7+ Qxe7 17. Bxb6 Nxb6 18. Qxd6 Qg5+ 19. Qd2 Qf6 20. Qe3 Rac8
21. Kb1 Na4 22. g5 Qe7 23. Bh3 Qb4 24. Qb3 Rc4 25. Rd5 Qe7 26. Qe3 Qb4 27. Qb3
Rh4 28. Bg4 Rxh2 29. Rhd1 Qf4 30. Rd8 g6 31. Qa3 b4 32. Rxf8+ Kxf8 33. Qxa4 Qd2
34. Rc1 Re2 35. a3 Kg7 36. axb4 Qxg5 37. Qxa6 Qd2 38. Qd3 h5 39. Qxd2 Rxd2 40.
Bh3 g5 41. Re1 1-0

[Event "Qatar Masters Open 2014"]
[Site "Doha QAT"]
[Date "2014.11.28"]
[Round "3.74"]
[White "Liang, Awonder"]
[Black "Guramishvili, Sopiko"]
[Result "1/2-1/2"]
[WhiteElo "2266"]
[BlackElo "2388"]
[PlyCount "102"]
[EventDate "2014.11.26"]
[EventType "swiss"]
[EventRounds "9"]
[EventCountry "QAT"]
[Source "lmi"]
[SourceDate "2014.11.26"]

1. e4 c5 2. Nf3 d6 3. Bb5+ Nc6 4. O-O Bd7 5. Re1 Nf6 6. c3 a6 7. Bf1 Bg4 8. h3
Bxf3 9. Qxf3 e6 10. Qd1 Be7 11. a4 O-O 12. g3 Re8 13. Bg2 Rc8 14. d3 Bf8 15.
Na3 h6 16. Nc4 b5 17. Na3 b4 18. Nc2 bxc3 19. bxc3 Na5 20. Rb1 Qd7 21. c4 Rb8
22. Bb2 e5 23. Na1 Rb7 24. Bc3 Rxb1 25. Qxb1 Qxa4 26. Re2 Nc6 27. Rb2 Nd7 28.
Bf3 Rb8 29. Rxb8 Ncxb8 30. Bd1 Qc6 31. Nb3 Qb7 32. Qa2 Nc6 33. Na5 Nxa5 34.
Bxa5 Nb8 35. Qb3 Qc8 36. Bg4 Qe8 37. Bc7 Nc6 38. Qb6 a5 39. Bd1 Qa8 40. Ba4 Nb4
41. Bb8 Qa6 42. Qc7 d5 43. Bb5 Qf6 44. cxd5 Qf3 45. Qxe5 Qd1+ 46. Kh2 Nc2 47.
Be8 Nd4 48. Qf4 Nf3+ 49. Kg2 Ne1+ 50. Kh2 Nf3+ 51. Kg2 Ne1+ 1/2-1/2

[Event "Qatar Masters Open 2014"]
[Site "Doha QAT"]
[Date "2014.11.28"]
[Round "3.75"]
[White "Khademalsharieh, Sarasadat"]
[Black "Nemcova, Katerina"]
[Result "1/2-1/2"]
[WhiteElo "2378"]
[BlackElo "2312"]
[PlyCount "87"]
[EventDate "2014.11.26"]
[EventType "swiss"]
[EventRounds "9"]
[EventCountry "QAT"]
[Source "lmi"]
[SourceDate "2014.11.26"]

1. d4 Nf6 2. Nf3 e6 3. c4 Bb4+ 4. Nbd2 b6 5. a3 Bxd2+ 6. Qxd2 Bb7 7. e3 d6 8.
Be2 Nbd7 9. b4 O-O 10. O-O Qe7 11. Bb2 c5 12. Rfd1 Rfd8 13. Qc2 Rac8 14. Qb3
Rc7 15. Rac1 Rdc8 16. dxc5 bxc5 17. b5 Be4 18. a4 Rb8 19. Nd2 Ba8 20. Qc2 d5
21. Nf3 Rcc8 22. Ne5 a6 23. bxa6 Nb6 24. a5 Nxc4 25. Nxc4 dxc4 26. Be5 Rb4 27.
Bxc4 Bd5 28. Bxf6 Qxf6 29. Bxd5 exd5 30. Rxd5 Rb2 31. Qe4 Qxf2+ 32. Kh1 Re2 33.
h3 Rxe3 34. Rdxc5 Rf8 35. Qd5 Rfe8 36. R5c4 g6 37. Qc5 Rxh3+ 38. gxh3 Qf3+ 39.
Kg1 Qg3+ 40. Kf1 Qxh3+ 41. Kf2 Qh2+ 42. Kf1 Qh3+ 43. Kf2 Qh2+ 44. Kf1 1/2-1/2

[Event "Qatar Masters Open 2014"]
[Site "Doha QAT"]
[Date "2014.11.28"]
[Round "3.76"]
[White "Daulyte, Deimante"]
[Black "Nuri, Kambez"]
[Result "1/2-1/2"]
[WhiteElo "2364"]
[BlackElo "2300"]
[PlyCount "73"]
[EventDate "2014.11.26"]
[EventType "swiss"]
[EventRounds "9"]
[EventCountry "QAT"]
[Source "lmi"]
[SourceDate "2014.11.26"]

1. e4 c5 2. Nf3 d6 3. d4 cxd4 4. Nxd4 Nf6 5. Nc3 Nc6 6. Bg5 e6 7. Qd2 a6 8.
O-O-O Bd7 9. f4 b5 10. Bxf6 gxf6 11. Kb1 Qb6 12. Nxc6 Bxc6 13. f5 h5 14. fxe6
fxe6 15. Qe1 O-O-O 16. Bd3 Bh6 17. Rf1 Rdf8 18. Ne2 Rhg8 19. g3 Qe3 20. Rxf6
Rxf6 21. Qc3 Kd7 22. Qxf6 Rf8 23. Qg6 Qg5 24. Qh7+ Qg7 25. Qxg7+ Bxg7 26. Nf4
h4 27. a3 hxg3 28. hxg3 Rf7 29. Rh1 Be5 30. Rf1 Rg7 31. Rf3 Bxf4 32. Rxf4 Rxg3
33. Rf7+ Kc8 34. Rf8+ Kc7 35. Rf7+ Kc8 36. Rf8+ Kc7 37. Rf7+ 1/2-1/2

[Event "Qatar Masters Open 2014"]
[Site "Doha QAT"]
[Date "2014.11.28"]
[Round "3.77"]
[White "Ni, Shiqun"]
[Black "Wang, Jue"]
[Result "0-1"]
[WhiteElo "2262"]
[BlackElo "2353"]
[PlyCount "76"]
[EventDate "2014.11.26"]
[EventType "swiss"]
[EventRounds "9"]
[EventCountry "QAT"]
[Source "lmi"]
[SourceDate "2014.11.26"]

1. e4 c5 2. Nf3 e6 3. g3 Nc6 4. Bg2 Nf6 5. Qe2 e5 6. O-O Be7 7. c3 O-O 8. Na3
Re8 9. d3 h6 10. Nc4 d6 11. Ne3 Be6 12. Nh4 d5 13. Nhf5 Bf8 14. Qf3 d4 15. Nd5
Nd7 16. Bd2 Kh7 17. g4 g6 18. Ng3 b5 19. Ne2 c4 20. a4 cxd3 21. Qxd3 bxa4 22.
cxd4 Bxg4 23. f3 Be6 24. Bc3 Bxd5 25. exd5 Nxd4 26. Nxd4 exd4 27. Bxd4 Nc5 28.
Bxc5 Bxc5+ 29. Kh1 Rb8 30. Qc4 Bd6 31. Rf2 Rb4 32. Qc2 Qh4 33. Bf1 Re3 34. Kg1
Be5 35. Qd2 Bd4 36. Qxb4 Rxf3 37. Kh1 Rxf2 38. Bg2 Qg4 0-1

[Event "Qatar Masters Open 2014"]
[Site "Doha QAT"]
[Date "2014.11.29"]
[Round "4.2"]
[White "Tomashevsky, Evgeny"]
[Black "Grandelius, Nils"]
[Result "1/2-1/2"]
[WhiteElo "2714"]
[BlackElo "2573"]
[PlyCount "119"]
[EventDate "2014.11.26"]
[EventType "swiss"]
[EventRounds "9"]
[EventCountry "QAT"]
[Source "lmi"]
[SourceDate "2014.11.26"]

1. c4 e5 2. Nc3 Bb4 3. Nd5 Bc5 4. Nf3 c6 5. Nc3 d6 6. e3 Qe7 7. d4 exd4 8. Nxd4
Nf6 9. Be2 O-O 10. O-O Nbd7 11. b3 Nb6 12. Bb2 d5 13. cxd5 Nbxd5 14. Nxd5 Nxd5
15. Bf3 Rd8 16. Qc2 Ba3 17. Bxd5 Rxd5 18. Nxc6 Qc5 19. Qxc5 Bxc5 20. Nd4 b6 21.
Rfd1 Bb7 22. Ne2 Rad8 23. Rxd5 Rxd5 24. Bd4 Ba3 25. Nc3 Rg5 26. e4 Bc6 27. Rd1
Rg6 28. f3 Rd6 29. Kf2 f6 30. Ke3 Kf7 31. Rb1 Bb4 32. Rc1 Rd7 33. g4 Bd6 34. h4
Ke6 35. a4 Bb7 36. Nb5 Bg3 37. h5 g5 38. hxg6 hxg6 39. Bc3 g5 40. Nd4+ Kf7 41.
Rh1 Bf4+ 42. Kf2 Be5 43. Nb5 Ke6 44. Bxe5 Kxe5 45. Rh8 Ba6 46. Re8+ Kf4 47. e5
Bxb5 48. axb5 Rd2+ 49. Ke1 Rd7 50. Kf2 Rd2+ 51. Ke1 Rd7 52. exf6 Kxf3 53. Re7
Rd6 54. f7 Rf6 55. Kf1 Kxg4+ 56. Kg2 Kf5 57. Rxa7 Ke6 58. Rb7 Rxf7 59. Rxb6+
Kd5 60. Kg3 1/2-1/2

[Event "Qatar Masters Open 2014"]
[Site "Doha QAT"]
[Date "2014.11.29"]
[Round "4.5"]
[White "Eljanov, Pavel"]
[Black "Salgado Lopez, Ivan"]
[Result "1-0"]
[WhiteElo "2719"]
[BlackElo "2622"]
[PlyCount "139"]
[EventDate "2014.11.26"]
[EventType "swiss"]
[EventRounds "9"]
[EventCountry "QAT"]
[Source "lmi"]
[SourceDate "2014.11.26"]

1. d4 Nf6 2. Nf3 g6 3. Bg5 Bg7 4. c3 O-O 5. e3 d5 6. Nbd2 Nbd7 7. Be2 Re8 8. h3
e5 9. O-O h6 10. Bh4 c5 11. Qc2 Qb6 12. Rac1 Ne4 13. Nxe4 dxe4 14. Qxe4 Qxb2
15. Qc2 Qxc2 16. Rxc2 f5 17. Bg3 g5 18. Nxe5 Nxe5 19. dxe5 Bxe5 20. Bh5 Re7 21.
Rd2 Bxg3 22. Rd8+ Kg7 23. fxg3 Rxe3 24. c4 a5 25. Rfd1 Re6 26. Bf3 Re7 27. Bd5
Kf6 28. Rf8+ Kg7 29. Rd8 Kf6 30. Rb1 Rc7 31. Rb6+ Ke5 32. Rxh6 Ra6 33. Re8+ Kd4
34. Rhh8 Bd7 35. Re7 Rd6 36. a4 Rxd5 37. cxd5 Kxd5 38. Kf2 c4 39. Rhh7 Kd6 40.
Ke3 c3 41. Rxd7+ Rxd7 42. Rxd7+ Kxd7 43. Kd3 Ke6 44. Kxc3 Ke5 45. Kd3 f4 46. h4
gxh4 47. gxh4 Kd5 48. Kc3 Ke5 49. Kc4 Ke4 50. Kc5 Ke5 51. Kc4 Ke4 52. Kc3 Ke5
53. Kd3 Kd5 54. h5 Ke5 55. h6 Kf6 56. Ke4 Kg6 57. Kxf4 b5 58. axb5 a4 59. b6 a3
60. b7 a2 61. b8=Q a1=Q 62. Qd6+ Kh7 63. Qe5 Qf1+ 64. Kg3 Qd3+ 65. Kg4 Qd1+ 66.
Kh4 Qh1+ 67. Kg3 Qxh6 68. Qf5+ Kg7 69. Qg4+ Kf6 70. Qf4+ 1-0

[Event "Qatar Masters Open 2014"]
[Site "Doha QAT"]
[Date "2014.11.29"]
[Round "4.7"]
[White "Kryvoruchko, Yuriy"]
[Black "Naroditsky, Daniel"]
[Result "1-0"]
[WhiteElo "2706"]
[BlackElo "2620"]
[PlyCount "115"]
[EventDate "2014.11.26"]
[EventType "swiss"]
[EventRounds "9"]
[EventCountry "QAT"]
[Source "lmi"]
[SourceDate "2014.11.26"]

1. e4 e5 2. Nf3 Nc6 3. Bb5 a6 4. Ba4 Nf6 5. O-O Be7 6. Re1 b5 7. Bb3 d6 8. c3
O-O 9. h3 Na5 10. Bc2 c5 11. d4 Qc7 12. Nbd2 cxd4 13. cxd4 Nc6 14. Nb3 a5 15.
Be3 a4 16. Nbd2 Bd7 17. a3 Rac8 18. Bd3 Qb8 19. Qe2 Na5 20. Rac1 h6 21. Nb1 Nb3
22. Rxc8 Rxc8 23. Nc3 b4 24. axb4 exd4 25. Nxd4 Qxb4 26. Nc2 Qa5 27. Na3 d5 28.
Nxd5 Nxd5 29. exd5 Bxa3 30. bxa3 Qxd5 31. Rd1 Qe6 32. Bb1 Rc7 33. Qd3 f5 34.
Bf4 Rc4 35. Qxd7 Qxd7 36. Rxd7 Rxf4 37. g3 Rd4 38. Bxf5 Rxd7 39. Bxd7 Nc5 40.
Bb5 Kf7 41. f3 g5 42. Kf2 Ke6 43. Ke3 Ke5 44. Be8 Kd5 45. f4 gxf4+ 46. Kxf4 Ke6
47. h4 Kf6 48. Kg4 Ke7 49. Bxa4 Nxa4 50. Kh5 Nc5 51. Kxh6 Ne4 52. g4 Kf7 53. a4
Nf2 54. Kh5 Ne4 55. a5 Nc5 56. Kh6 Kg8 57. Kg6 Kf8 58. Kh7 1-0

[Event "Qatar Masters Open 2014"]
[Site "Doha QAT"]
[Date "2014.11.29"]
[Round "4.8"]
[White "Perunovic, Milos"]
[Black "Yu, Yangyi"]
[Result "1/2-1/2"]
[WhiteElo "2619"]
[BlackElo "2705"]
[PlyCount "88"]
[EventDate "2014.11.26"]
[EventType "swiss"]
[EventRounds "9"]
[EventCountry "QAT"]
[Source "lmi"]
[SourceDate "2014.11.26"]

1. e4 c5 2. Nf3 d6 3. d4 cxd4 4. Nxd4 Nf6 5. Nc3 a6 6. h3 e6 7. g4 d5 8. exd5
Nxd5 9. Nde2 Bb4 10. Bg2 O-O 11. O-O Nxc3 12. Nxc3 Qc7 13. Qd4 Nc6 14. Qc4 Bd6
15. Be3 Bd7 16. Rad1 Rfd8 17. Ne4 Be7 18. Bc5 Ne5 19. Qc3 Bxc5 20. Qxc5 Bc6 21.
Nd6 Rd7 22. Qxe5 Bxg2 23. Kxg2 Rad8 24. Rd3 Rxd6 25. Rfd1 Qc6+ 26. Kg1 Rxd3 27.
Rxd3 Rf8 28. Rc3 Qa4 29. a3 h6 30. Qd6 Qe4 31. Rc7 f5 32. Qd7 Qe5 33. Rc8 Qe1+
34. Kg2 Qe4+ 35. f3 Qe2+ 36. Kg1 Rxc8 37. Qxc8+ Kh7 38. gxf5 Qe3+ 39. Kg2 Qg5+
40. Kf2 exf5 41. Qxb7 Qd2+ 42. Kg3 Qg5+ 43. Kf2 Qd2+ 44. Kg3 Qg5+ 1/2-1/2

[Event "Qatar Masters Open 2014"]
[Site "Doha QAT"]
[Date "2014.11.29"]
[Round "4.9"]
[White "Salem, A.R. Saleh"]
[Black "Sjugirov, Sanan"]
[Result "1/2-1/2"]
[WhiteElo "2586"]
[BlackElo "2673"]
[PlyCount "89"]
[EventDate "2014.11.26"]
[EventType "swiss"]
[EventRounds "9"]
[EventCountry "QAT"]
[Source "lmi"]
[SourceDate "2014.11.26"]

1. d4 d5 2. c4 c6 3. Nf3 Nf6 4. Nc3 dxc4 5. a4 Bf5 6. Ne5 Nbd7 7. Nxc4 Nb6 8.
Ne5 a5 9. f3 Nfd7 10. Nxd7 Nxd7 11. e4 Bg6 12. Be3 e5 13. dxe5 Nxe5 14. f4
Qxd1+ 15. Rxd1 Nd7 16. h3 f6 17. Bc4 Bb4 18. Kf2 Rd8 19. Kf3 Bf7 20. Bxf7+ Kxf7
21. Ne2 Nc5 22. Bxc5 Bxc5 23. f5 Rd6 24. Rxd6 Bxd6 25. Nd4 g6 26. Rd1 Ke7 27.
Rd3 Be5 28. Ne6 b5 29. b3 bxa4 30. bxa4 Rb8 31. Nc5 Bd6 32. Rb3 Rxb3+ 33. Nxb3
Bb4 34. Ke3 Kd6 35. Kd4 Be1 36. Nc1 Bf2+ 37. Kc4 gxf5 38. exf5 Be3 39. Nd3 Bb6
40. g4 Be3 41. Nb2 Bb6 42. Nd3 Be3 43. Nb2 Bb6 44. Nd3 Be3 45. Nb2 1/2-1/2

[Event "Qatar Masters Open 2014"]
[Site "Doha QAT"]
[Date "2014.11.29"]
[Round "4.10"]
[White "Edouard, Romain"]
[Black "Van Kampen, Robin"]
[Result "1/2-1/2"]
[WhiteElo "2659"]
[BlackElo "2612"]
[PlyCount "61"]
[EventDate "2014.11.26"]
[EventType "swiss"]
[EventRounds "9"]
[EventCountry "QAT"]
[Source "lmi"]
[SourceDate "2014.11.26"]

1. d4 Nf6 2. c4 e6 3. Nf3 d5 4. Nc3 Bb4 5. cxd5 exd5 6. Bg5 Nbd7 7. Qc2 h6 8.
Bh4 g5 9. Bg3 Ne4 10. Nd2 Nxg3 11. hxg3 Nb6 12. a3 Bf8 13. e3 Be6 14. Bd3 c6
15. Nb3 Qc7 16. Nc5 O-O-O 17. b4 Nd7 18. N3a4 Nxc5 19. Nxc5 Kb8 20. Rb1 h5 21.
b5 Bxc5 22. Qxc5 cxb5 23. Qxc7+ Kxc7 24. Rxb5 h4 25. gxh4 Rxh4 26. Rxh4 gxh4
27. Be2 h3 28. gxh3 Bxh3 29. Kd2 b6 30. Rb1 Kd6 31. Rc1 1/2-1/2

[Event "Qatar Masters Open 2014"]
[Site "Doha QAT"]
[Date "2014.11.29"]
[Round "4.11"]
[White "Guseinov, Gadir"]
[Black "Movsesian, Sergei"]
[Result "1/2-1/2"]
[WhiteElo "2592"]
[BlackElo "2659"]
[PlyCount "62"]
[EventDate "2014.11.26"]
[EventType "swiss"]
[EventRounds "9"]
[EventCountry "QAT"]
[Source "lmi"]
[SourceDate "2014.11.26"]

1. e4 c5 2. Nf3 e6 3. Nc3 Nc6 4. d4 cxd4 5. Nxd4 d6 6. g3 Nf6 7. Bg2 Bd7 8. O-O
Be7 9. Re1 O-O 10. a4 a6 11. Nxc6 Bxc6 12. a5 Qc7 13. Be3 Nd7 14. Na4 Rae8 15.
Nb6 f5 16. Nxd7 Qxd7 17. Bb6 fxe4 18. Bxe4 Bxe4 19. Rxe4 Rf5 20. Qe2 Bf6 21. c4
Kf7 22. Rd1 d5 23. g4 Qc8 24. Re3 Rf4 25. g5 Bd8 26. Qh5+ Kf8 27. Bxd8 Rxd8 28.
Qxh7 d4 29. Rg3 Qc7 30. Re1 Qf7 31. Qc2 Qf5 1/2-1/2

[Event "Qatar Masters Open 2014"]
[Site "Doha QAT"]
[Date "2014.11.29"]
[Round "4.12"]
[White "Cornette, Matthieu"]
[Black "Gupta, Abhijeet"]
[Result "1/2-1/2"]
[WhiteElo "2566"]
[BlackElo "2632"]
[PlyCount "106"]
[EventDate "2014.11.26"]
[EventType "swiss"]
[EventRounds "9"]
[EventCountry "QAT"]
[Source "lmi"]
[SourceDate "2014.11.26"]

1. c4 Nf6 2. Nc3 e5 3. Nf3 Nc6 4. g3 d5 5. cxd5 Nxd5 6. Bg2 Nb6 7. O-O Be7 8.
a3 O-O 9. d3 Be6 10. Be3 Qd7 11. b4 a6 12. d4 exd4 13. Nxd4 Nxd4 14. Qxd4 Qc8
15. Qe4 Bf6 16. Bxb6 cxb6 17. Rac1 Qc4 18. Qxc4 Bxc4 19. Ne4 Bxe2 20. Rfe1 Bb5
21. Nxf6+ gxf6 22. Rc7 Rfe8 23. Rxe8+ Rxe8 24. Bxb7 Rd8 25. Rc8 Rxc8 26. Bxc8
Kf8 27. Kg2 Ke7 28. Kf3 a5 29. Bf5 axb4 30. axb4 h6 31. Kg4 Kf8 32. Kf4 Ke7 33.
Be4 Bc4 34. Ke3 Kd6 35. Kd4 Be6 36. Bd3 Bc8 37. Bc4 Ke7 38. Bd5 Ba6 39. Ke4 Bc8
40. Kf4 Bd7 41. Be4 Bc8 42. Bf5 Ba6 43. Kg4 Kf8 44. h4 Bb7 45. Bd3 Bc8+ 46. Kf4
Ke7 47. Bf5 Ba6 48. Ke4 Kd6 49. Kd4 Bb7 50. f4 Ba6 51. Be4 Bc8 52. Bd5 Ke7 53.
Bb3 f5 1/2-1/2

[Event "Qatar Masters Open 2014"]
[Site "Doha QAT"]
[Date "2014.11.29"]
[Round "4.16"]
[White "Bogner, Sebastian"]
[Black "Jobava, Baadur"]
[Result "1-0"]
[WhiteElo "2598"]
[BlackElo "2722"]
[PlyCount "107"]
[EventDate "2014.11.26"]
[EventType "swiss"]
[EventRounds "9"]
[EventCountry "QAT"]
[Source "lmi"]
[SourceDate "2014.11.26"]

1. d4 Nf6 2. c4 d6 3. Nf3 Nbd7 4. Nc3 e5 5. e4 Be7 6. Be2 O-O 7. O-O Qe8 8. Re1
Bd8 9. Bf1 c6 10. Rb1 Bb6 11. Na4 Bc7 12. d5 cxd5 13. cxd5 Qe7 14. Qc2 Nb6 15.
Nc3 Bg4 16. Nd2 Rfc8 17. a4 Bh5 18. a5 Nbd7 19. a6 Nc5 20. axb7 Nxb7 21. Ba6
Ba5 22. b4 Bb6 23. Nc4 Rxc4 24. Bxc4 Rc8 25. Na4 Bg6 26. Nxb6 axb6 27. Qd3 Nxe4
28. Rxe4 Qc7 29. Be3 Bxe4 30. Qxe4 Qxc4 31. Qxc4 Rxc4 32. Bxb6 Kf8 33. Kf1 Ke7
34. Ke2 e4 35. Ke3 f5 36. Bd4 g5 37. h3 h5 38. f3 exf3 39. gxf3 Nd8 40. Kd3 Rc7
41. Rg1 Nf7 42. Re1+ Kd7 43. b5 g4 44. b6 Rb7 45. fxg4 hxg4 46. hxg4 fxg4 47.
Kc4 Ne5+ 48. Kb5 Rb8 49. Rh1 Ke7 50. Rh7+ Kf6 51. b7 g3 52. Ka6 Kf5 53. Rg7 Nf3
54. Ba7 1-0

[Event "Qatar Masters Open 2014"]
[Site "Doha QAT"]
[Date "2014.11.29"]
[Round "4.17"]
[White "Moiseenko, Alexander"]
[Black "Ipatov, Alexander"]
[Result "1-0"]
[WhiteElo "2701"]
[BlackElo "2608"]
[PlyCount "69"]
[EventDate "2014.11.26"]
[EventType "swiss"]
[EventRounds "9"]
[EventCountry "QAT"]
[Source "lmi"]
[SourceDate "2014.11.26"]

1. d4 d5 2. c4 c6 3. Nc3 Nf6 4. e3 g6 5. Nf3 Bg7 6. Bd3 O-O 7. O-O Bg4 8. h3
Bxf3 9. Qxf3 e6 10. Rd1 Nbd7 11. Bf1 Re8 12. b3 a6 13. Bb2 b5 14. a3 Rb8 15.
Rab1 e5 16. cxd5 e4 17. Qg3 cxd5 18. Rdc1 Nf8 19. Na2 Ne6 20. Nb4 Rb6 21. Rc2
Qd7 22. Rbc1 Bf8 23. Nc6 Bd6 24. Ne5 Qe7 25. b4 Nd7 26. Qg4 f6 27. Nc6 Qf7 28.
Qd1 h5 29. Na7 Rb7 30. Rc6 Bc7 31. Rxa6 Ra8 32. Rxe6 Qxe6 33. Nxb5 Bb8 34. Qc2
f5 35. Qc8+ 1-0

[Event "Qatar Masters Open 2014"]
[Site "Doha QAT"]
[Date "2014.11.29"]
[Round "4.18"]
[White "Cheparinov, Ivan"]
[Black "Zhao, Jun"]
[Result "1-0"]
[WhiteElo "2684"]
[BlackElo "2578"]
[PlyCount "83"]
[EventDate "2014.11.26"]
[EventType "swiss"]
[EventRounds "9"]
[EventCountry "QAT"]
[Source "lmi"]
[SourceDate "2014.11.26"]

1. d4 Nf6 2. c4 e6 3. g3 d5 4. Nf3 Bb4+ 5. Bd2 Be7 6. Bg2 O-O 7. O-O c6 8. Qc2
Nbd7 9. Rd1 b6 10. Bf4 Bb7 11. Ne5 Nh5 12. Bd2 c5 13. cxd5 exd5 14. Be3 Nhf6
15. Nc3 cxd4 16. Bxd4 Nc5 17. Nc4 dxc4 18. Bxb7 Nxb7 19. Bxf6 Qe8 20. Bxe7 Qxe7
21. Qa4 Na5 22. Rd7 Qe6 23. Rad1 h6 24. R1d6 Qe5 25. Qd1 Rfe8 26. Rd5 Qf6 27.
Qd2 Re7 28. Rd8+ Re8 29. Rxa8 Rxa8 30. Rd7 Qe5 31. Rd8+ Rxd8 32. Qxd8+ Kh7 33.
Qd7 Qg5 34. e3 f6 35. Qxa7 Qc5 36. Qd7 Qb4 37. Qf5+ Kh8 38. Nd5 Qc5 39. h4 Nc6
40. Qe6 Kh7 41. h5 Kh8 42. Qd7 1-0

[Event "Qatar Masters Open 2014"]
[Site "Doha QAT"]
[Date "2014.11.29"]
[Round "4.21"]
[White "Berkes, Ferenc"]
[Black "Indjic, Aleksandar"]
[Result "1/2-1/2"]
[WhiteElo "2669"]
[BlackElo "2538"]
[PlyCount "61"]
[EventDate "2014.11.26"]
[EventType "swiss"]
[EventRounds "9"]
[EventCountry "QAT"]
[Source "lmi"]
[SourceDate "2014.11.26"]

1. Nf3 Nf6 2. g3 g6 3. Bg2 Bg7 4. d4 O-O 5. O-O d6 6. Nc3 d5 7. Bf4 Na6 8. Be5
c6 9. Re1 Bh6 10. e4 Ng4 11. h3 Nxe5 12. Nxe5 e6 13. a3 Bg7 14. Nf3 dxe4 15.
Nxe4 c5 16. c3 cxd4 17. cxd4 Nc7 18. Nc3 Qd6 19. Ne5 Rd8 20. Qf3 f6 21. Ng4 f5
22. Ne5 Qb6 23. Na4 Qb5 24. Qd1 Nd5 25. Rc1 Nb6 26. b3 Nxa4 27. bxa4 Qb2 28.
Rc4 Qxa3 29. h4 Qd6 30. Qe2 Rb8 31. h5 1/2-1/2